000 00737nam a2200193Ia 4500
003 GCL
005 20240530102402.0
008 140319s9999 xx 000 0 ara d
040 _aGCL /
_cGCL
082 0 4 _a953.04
_bع ع
100 1 _aعبدالمنعم ماجد
245 1 0 _aالعصر العباسى الاول :
_bاو القرن الزهبى فى تاريخ الخلفاء العباسيين: التاريخ السياسى /
_cعبدالمنعم ماجد
250 _aط3
260 _aالقاهرة :
_bمكتبة الانجلوالمصرية ،
_c1984
300 _a490 ص ؛
_c24 سم
650 0 4 _aالعصر العباسى
_xالاحوال السياسية
650 0 4 _aالدولة العباسية
942 _2ddc
_cBK
999 _c31873
_d31873